Communes limitrophes à Lyon - Statistiques

Statistiques générales
  • Ce quiz a été pris 52 fois
  • Le résultat moyen est 8 sur 15
Statistiques - réponses
Population Communes % Correct
162 207 Villeurbanne
100%
66 701 Vénissieux
92%
42 815 Bron
84%
43 479 Caluire et Cuire
82%
37 928 Oullins Pierre Bénite
69%
18 019 Ecully
63%
22 819 Tassin la Demi Lune
63%
19 549 Saint Fons
55%
21 893 Saint Foy lès Lyon
45%
6 554 La Mulatière
35%
15 664 Francheville
33%
6 124 Champagne au Mont d'Or
29%
7 405 Saint Didier au Mont d'Or
24%
6 113 Saint Cyr au Mont d'Or
22%
4 604 Collonges au Mont d'Or
16%
Aucun quiz correspondant
Distribution des résultats
% des personnes avec chaque résultat
Percentile par nombre de réponses
Votre historique - résultats
Vous n’avez pas pris ce quiz